| 000 | 00345nam a2200145Ia 4500 | ||
|---|---|---|---|
| 008 | 230917s9999||||xx |||||||||||||| ||und|| | ||
| 040 |
_e131610 _aMAIN |
||
| 041 | _aEnglish | ||
| 082 | _a784.01 B469S | ||
| 100 | _aBrahspati, Acharya | ||
| 245 | 0 | _aSangeet chintamani | |
| 260 |
_aHathras _bSangeet Karyalaya |
||
| 300 | _a426 p. | ||
| 942 | _cBK | ||
| 999 |
_c38519 _d38519 |
||